10 Most Populous Cities in Kentucky - Statistics

General Stats
  • This quiz has been taken 27 times
  • The average score is 4 of 10
Answer Stats
Hint Answer % Correct
620,004 Louisville
100%
77,459 Bowling Green
80%
60,096 Owensboro
55%
40,984 Covington
45%
38,030 Richmond
30%
33,501 Elizabethtown
20%
40,020 Georgetown
20%
33,202 Florence
10%
32,854 Nicholasville
5%
319,329 Lextington
0%
No matching quizzes found
Score Distribution
Percent of People with Each Score
Percentile by Number Answered
Your Score History
You have not taken this quiz